<?xml version="1.0" encoding="UTF-8"?><?xml-stylesheet type="text/xsl" href="static/style.xsl"?><OAI-PMH xmlns="http://www.openarchives.org/OAI/2.0/" xmlns:xsi="http://www.w3.org/2001/XMLSchema-instance" xsi:schemaLocation="http://www.openarchives.org/OAI/2.0/ http://www.openarchives.org/OAI/2.0/OAI-PMH.xsd"><responseDate>2026-04-13T04:05:17Z</responseDate><request verb="GetRecord" identifier="oai:www.recercat.cat:2445/104812" metadataPrefix="marc">https://recercat.cat/oai/request</request><GetRecord><record><header><identifier>oai:recercat.cat:2445/104812</identifier><datestamp>2025-12-05T10:15:52Z</datestamp><setSpec>com_2072_1057</setSpec><setSpec>col_2072_478856</setSpec><setSpec>col_2072_478917</setSpec></header><metadata><record xmlns="http://www.loc.gov/MARC21/slim" xmlns:dcterms="http://purl.org/dc/terms/" xmlns:xsi="http://www.w3.org/2001/XMLSchema-instance" xmlns:doc="http://www.lyncode.com/xoai" xsi:schemaLocation="http://www.loc.gov/MARC21/slim http://www.loc.gov/standards/marcxml/schema/MARC21slim.xsd">
   <leader>00925njm 22002777a 4500</leader>
   <datafield ind2=" " ind1=" " tag="042">
      <subfield code="a">dc</subfield>
   </datafield>
   <datafield ind2=" " ind1=" " tag="720">
      <subfield code="a">Ducoing Ruiz, Cristián Arturo</subfield>
      <subfield code="e">author</subfield>
   </datafield>
   <datafield ind2=" " ind1=" " tag="720">
      <subfield code="a">Badia-Miró, Marc</subfield>
      <subfield code="e">author</subfield>
   </datafield>
   <datafield ind2=" " ind1=" " tag="260">
      <subfield code="c">2016-12-16T13:58:31Z</subfield>
   </datafield>
   <datafield ind2=" " ind1=" " tag="260">
      <subfield code="c">2016-12-16T13:58:31Z</subfield>
   </datafield>
   <datafield ind2=" " ind1=" " tag="260">
      <subfield code="c">2013</subfield>
   </datafield>
   <datafield ind2=" " ind1=" " tag="260">
      <subfield code="c">2016-12-16T13:58:36Z</subfield>
   </datafield>
   <datafield ind2=" " ind1=" " tag="520">
      <subfield code="a">Desde la década de 1960 ha habido un constante interés por medir el nivel industrial de Chile (y de América Latina) en el periodo previo a la ISI (1870 - 1930). Destacados autores han tratado de cuantificar el peso de la industria del país por medio de diversas técnicas. La estimación más aceptada por la literatura de cuentas nacionales es la de Díaz et al. (2007), que considera el método de regresión ideado por Kirsch (1977). Este autor, utilizando el PIB industrial elaborado por Muñoz (1968), estableció que las exportaciones totales y la importación de materias primas para la industria explicaban, en forma bastante certera, esta variable. No obstante, Kirsch (1977) no contaba con la evidencia empírica actualmente disponible como, por ejemplo, las series desagregadas de maquinaria industrial y las estimaciones de consumo aparente de energía. Incorporando estas nuevas series, ampliando las series oficiales hasta 1909 y aplicando la misma metodología propuesta por Kirsch (1977), pretendemos ofrecer un nuevo cálculo del nivel industrial de Chile entre los años 1880 y 1915, con el objetivo de estimar lo más fidedignamente posible el nivel de producción industrial en el período anterior a la ISI.</subfield>
   </datafield>
   <datafield tag="653" ind2=" " ind1=" ">
      <subfield code="a">Producte interior brut</subfield>
   </datafield>
   <datafield tag="653" ind2=" " ind1=" ">
      <subfield code="a">Política industrial</subfield>
   </datafield>
   <datafield tag="653" ind2=" " ind1=" ">
      <subfield code="a">Enginyeria de mines</subfield>
   </datafield>
   <datafield tag="653" ind2=" " ind1=" ">
      <subfield code="a">Xile</subfield>
   </datafield>
   <datafield tag="653" ind2=" " ind1=" ">
      <subfield code="a">Gross domestic product</subfield>
   </datafield>
   <datafield tag="653" ind2=" " ind1=" ">
      <subfield code="a">Industrial policy</subfield>
   </datafield>
   <datafield tag="653" ind2=" " ind1=" ">
      <subfield code="a">Mining engineering</subfield>
   </datafield>
   <datafield tag="653" ind2=" " ind1=" ">
      <subfield code="a">Chile</subfield>
   </datafield>
   <datafield ind2="0" ind1="0" tag="245">
      <subfield code="a">El PIB industrial de Chile durante el ciclo del salitre, 1880 -1938</subfield>
   </datafield>
</record></metadata></record></GetRecord></OAI-PMH>